000 00784nam a2200253Ia 4500
003 OSt
005 20220928130501.0
006 a|||||r|||| 00| 0
007 ta
008 220927b |||||||| |||| 00| 0 eng d
020 _c695
024 _a107438
037 _b549, 04/02/2010, Pioneer Book Distributors
_cTextual
040 _aSDCL
_cSDCL
_beng
041 _2eng
_aeng
082 _aV44Q71:44'P, Q0
100 _aSingh Deepak K
_9474122
245 0 _aStateless in South Asia
_b The chakmas between Bangladesh and India.
260 _aNew Delhi
_bSAGE
_c2010
300 _axxi,289p
_ccm.
650 _aPolitical Science
942 _hV44Q71:44'P, Q0
_cTEXL
_2CC
999 _c786751
_d786751